Buffalo Bills Players Numbers 2025-2026 - Statistics

General Stats
  • This quiz has been taken 52 times
  • The average score is 8 of 10
Answer Stats
Hint Answer % Correct
Josh Allen 17
100%
James Cook 4
100%
Keon Coleman 0
98%
Dalton Kincaid 86
90%
Tyler Bass 2
80%
Joey Bosa 97
80%
Tre’Davious White 27
76%
Taylor Rapp 9
73%
Terrel Bernard 8
68%
Conner McGovern 66
63%
No matching quizzes found
Score Distribution
Percent of People with Each Score
Percentile by Number Answered
Your Score History
You have not taken this quiz